La leucocyto-réaction; élément de diagnostic et de thérapeutique. (Record no. 37918)
[ view plain ]
| 000 -LEADER | |
|---|---|
| fixed length control field | 00616cam a22002051 4500 |
| 001 - CONTROL NUMBER | |
| control field | med46000318 |
| 003 - CONTROL NUMBER IDENTIFIER | |
| control field | DLC |
| 005 - DATE AND TIME OF LATEST TRANSACTION | |
| control field | 20260227111557.0 |
| 008 - FIXED-LENGTH DATA ELEMENTS--GENERAL INFORMATION | |
| fixed length control field | 810725s1945 xx 000 0 fre |
| 010 ## - LIBRARY OF CONGRESS CONTROL NUMBER | |
| LC control number | med46000318 |
| 035 ## - SYSTEM CONTROL NUMBER | |
| System control number | (OCoLC)14724365 |
| 040 ## - CATALOGING SOURCE | |
| Original cataloging agency | DLC |
| Transcribing agency | DNLM |
| Modifying agency | DLC |
| 042 ## - AUTHENTICATION CODE | |
| Authentication code | premarc |
| 050 00 - LIBRARY OF CONGRESS CALL NUMBER | |
| Classification number | QP95 |
| Item number | .G6 |
| 060 0# - NATIONAL LIBRARY OF MEDICINE CALL NUMBER | |
| Classification number | QY 402 |
| Item number | G692L 1945 |
| 100 1# - MAIN ENTRY--PERSONAL NAME | |
| Personal name | Gouin, Jean, |
| Dates associated with a name | 1884- |
| 245 13 - TITLE STATEMENT | |
| Title | La leucocyto-réaction; élément de diagnostic et de thérapeutique. |
| Remainder of title | Applications en syphiligraphie, dermatologie et médecine générale ... |
| 260 ## - PUBLICATION, DISTRIBUTION, ETC. | |
| Place of publication, distribution, etc. | Paris, |
| Name of publisher, distributor, etc. | Masson, |
| Date of publication, distribution, etc. | 1945. |
| 300 ## - PHYSICAL DESCRIPTION | |
| Extent | 7, 252 p. |
No items available.